000 00736nam a2200265 a 4500
999 _c2980
_d2980
006 a||||gr|||| 000 0
007 ta
008 190924s2023 ii a|||gr|||| 000 0 eng d
020 _a9789388127301
_cRs. 225.00
040 _aKO
_beng
041 0 _aeng
044 _aii
082 0 4 _223
_a516.16
_bL848
100 1 _aLoney, S. L.
245 1 4 _aThe Elements of Coordinate Geometry :
_bPart 1 Cartesian Coordinates /
_cS. L. Loney
260 _aMeerut :
_bArihant Publication India Ltd.,
_c[2023]
300 _axvi, 386 p. :
_bill. ;
_c21 cm.
650 0 _aGeometry
_xTextbooks
650 0 _aMathematics
_xTextbooks
650 0 _aGeometry
_xShapes
_xTextbooks
904 _aRUDRA_R
905 _aR_RANJAN
942 _cBK